[Event "VIE-ch U09"]
[Site "Ho Chi Minh City"]
[Date "2014.07.15"]
[Round "5"]
[White "Pham, Cong Minh"]
[Black "Le, Minh Duc"]
[Result "0-1"]
[WhiteElo "1484"]
[BlackElo "1576"]
[PlyCount "72"]
[EventDate "2014.07.13"]
[EventType "swiss"]
[EventRounds "9"]
[EventCountry "VIE"]
[SourceTitle "EXT 2016"]
[Source "ChessBase"]
[SourceDate "2015.10.08"]
[SourceVersion "1"]
[SourceVersionDate "2015.10.08"]
[SourceQuality "1"]

1. d4 Nf6 2. c4 g6 3. Nc3 Bg7 4. e3 0-0 5. Bd3 d6 6. Nge2 Nbd7 7. 0-0 c5 8. d5 Ne5 9. f4 Nxd3 10. Qxd3 e6 11. Bd2 b6 12. Be1 Bb7 13. Bh4 Qc7 14. Bxf6 Bxf6 15. e4 Rfe8 16. Rab1 exd5 17. Nxd5 Bxd5 18. Qxd5 Rad8 19. Qd3 Re7 20. Ng3 Rde8 21. f5 Bh4 22. Rf4 Bxg3 23. hxg3 gxf5 24. Rxf5 Rxe4 25. Rbf1 Re3 26. Rg5+ Kh8 27. Qf5 Qe7 28. Rh5 f6 29. Kh2 Rf8 30. Rf4 Re5 31. Qh3 Rxh5 32. Qxh5 Qe5 33. Qf3 Qxb2 34. Re4 Qxa2 35. g4 Qd2 36. Rf4 Qe1 0-1